| 000 -CABECERA |
| Longitud fija campo de control |
00442nam a2200157 a 4500 |
| 001 - NÚMERO DE CONTROL |
| Número de control |
677 |
| 003 - IDENTIFICADOR DEL NÚMERO DE CONTROL |
| Identificador del número de control |
CDMR |
| 005 - FECHA Y HORA DE LA ÚLTIMA TRANSACCIÓN |
| Fecha y hora de la última transacción |
20130328092956.0 |
| 008 - CÓDIGOS DE INFORMACIÓN DE LONGITUD FIJA |
| Códigos de información de longitud fija |
130130s1969||||||||||||||||||||||||||||d |
| 040 ## - FUENTE DE LA CATALOGACIÓN |
| Centro catalogador de origen |
CDMR |
| Lengua de catalogación |
cat |
| Centro transcriptor |
CDMR |
| 100 1# - PUNTO DE ACCESO PRINCIPAL-NOMBRE DE PERSONA |
| Nombre de persona |
Brajnovic, Luka |
| 9 (RLIN) |
519 |
| 245 10 - MENCIÓN DE TÍTULO |
| Título |
Deontología periodística |
| Resto del título |
: ensayos en torno a la ética profesional del periodista |
| 260 ## - PUBLICACIÓN, DISTRIBUCIÓN, ETC. (PIE DE IMPRENTA) |
| Lugar de publicación, distribución, etc. |
Pamplona |
| Fecha de publicación, distribución, etc. |
1969 |
| Nombre del editor, distribuidor, etc. |
EUNSA |
| 490 0# - MENCIÓN DE SERIE |
| Mención de serie |
Manuales de periodismo |
| Designación de volumen o secuencia |
3 |
| 942 ## - ENTRADA DE ELEMENTOS AGREGADOS (KOHA) |
| Koha [por defecto] tipo de item |
Monografies |
| Fuente de clasificaión o esquema |
|